Cómo criar hijos con actitudes positivas: (Registro nro. 31105)

Detalles MARC
000 -LEADER
fixed length control field 02402nam a22003377a 4500
003 - CONTROL NUMBER IDENTIFIER
control field OSt
005 - DATE AND TIME OF LATEST TRANSACTION
control field 20251118143043.0
008 - FIXED-LENGTH DATA ELEMENTS--GENERAL INFORMATION
fixed length control field 251029b |||||||| |||| 00| 0 eng d
020 ## - INTERNATIONAL STANDARD BOOK NUMBER
International Standard Book Number 9580402663
037 ## - SOURCE OF ACQUISITION
Source of stock number/acquisition Donación
040 ## - CATALOGING SOURCE
Original cataloging agency CO-JMCR
Language of cataloging spa
Transcribing agency CO-JMCR
Modifying agency CO-JMCR
Description conventions rda
041 1# - LANGUAGE CODE
Language code of text/sound track or separate title spa
Language code of original eng
082 04 - DEWEY DECIMAL CLASSIFICATION NUMBER
Classification number 155.4
Item number Z68c
100 1# - MAIN ENTRY--PERSONAL NAME
Personal name Ziglar, Zig,
Dates associated with a name 1926 - 2012
Relator term Autor
9 (RLIN) 44410
245 10 - TITLE STATEMENT
Title Cómo criar hijos con actitudes positivas:
Remainder of title en un mundo negativo /
Statement of responsibility, etc. Zig Ziglar
264 ## - PRODUCTION, PUBLICATION, DISTRIBUTION, MANUFACTURE, AND COPYRIGHT NOTICE
Name of producer, publisher, distributor, manufacturer Editorial Norma,
Date of production, publication, distribution, manufacture, or copyright notice 1986.
300 ## - PHYSICAL DESCRIPTION
Extent 254 páginas :
Dimensions 23 cm.
490 1# - SERIES STATEMENT
Series statement Libros de interés general.
501 ## - WITH NOTE
With note Con : epílogo
504 ## - BIBLIOGRAPHY, ETC. NOTE
Bibliography, etc. note Incluye bibliografía.
505 ## - FORMATTED CONTENTS NOTE
Formatted contents note Formar bien a los hijos es sencillo pero no es fácil -- Tenemos problemas -- Cualidades de los que tienen éxito -- Motivación y pensamiento positivo -- Pasos positivos para desarrollar en los hijos un carácter positivo -- El niño tridimensional -- Para un niño el amor es TIEMPO -- La educación del carácter es obra de equipo -- Comunicación con la familia -- Una buena imagen de si mismo -- El problema sexual -- El problema sexual -- El problema sexual -- Abuso y persecución sexual -- El perdón: lo mas positivo de la vida -- La disciplina: Clave de un carácter positivo -- La perseverancia positiva produce hijos positivos -- El amor verdadero
520 ## - SUMMARY, ETC.
Summary, etc. Existe una creciente preocupación acerca de cual será el mundo que les tocara vivir mañana a los niños de hoy; y para este interrogante hay únicamente una respuesta: depende de lo que puedan hacer de sus hijos los padres actuales.<br/>Este libro presenta claramente cuan determinante es la actitud de los padres en la formación de los hijos, y proporciona una serie de elementos prácticos que les ayudaran a reflexionar y a proporcionarles a sus hijos una mejor formación.<br/>Este libro constituye una extraordinaria ayuda para brindarles a los hijos la educación que los complejos problemas del mundo actual exigen, para lo cual se requieren varios ingredientes, entre otros: amor disciplina, perdón. Aquí aprenderá usted como lograrlo.
534 ## - ORIGINAL VERSION NOTE
Title statement of original .
546 ## - LANGUAGE NOTE
Language note Traducido del ingles
650 #7 - SUBJECT ADDED ENTRY--TOPICAL TERM
Topical term or geographic name entry element Psicología infantil.
Source of heading or term JMCR
9 (RLIN) 2491
650 #7 - SUBJECT ADDED ENTRY--TOPICAL TERM
Topical term or geographic name entry element Educación en el hogar.
Source of heading or term JMCR
9 (RLIN) 13865
650 #7 - SUBJECT ADDED ENTRY--TOPICAL TERM
Topical term or geographic name entry element Desarrollo infantil.
Source of heading or term JMCR
9 (RLIN) 162
710 2# - ADDED ENTRY--CORPORATE NAME
Corporate name or jurisdiction name as entry element Editorial Norma,
Relator term Traductor
9 (RLIN) 44411
942 ## - ADDED ENTRY ELEMENTS (KOHA)
Source of classification or shelving scheme Dewey Decimal Classification
Koha item type Books
949 ## - LOCAL PROCESSING INFORMATION (OCLC)
a n
b n
Existencias
Withdrawn status Lost status Source of classification or shelving scheme Damaged status Not for loan Collection code Home library Current library Shelving location Date acquired Total Checkouts Full call number Barcode Date last seen Copy number Price effective from Koha item type
    Dewey Decimal Classification     Non-fiction Biblioteca Pública José María del Castillo y Rada Biblioteca Pública José María del Castillo y Rada Book Cart 07/10/2023   155.4 Z68c 201811913 10/29/2025 Ej. 1 10/29/2025 Books